Loading...
| Science - Biology | 0 | 3 | 0 | 1 | 30 | 109 | 117.33 | 0 | 3 | 0.00 | 0.00 |
| Science - Other | 0 | 2 | 0 | 0 | 20 | 101 | 101.00 | 2 | 2 | 0.00 | 0.00 |
| Geography | 0 | 2 | 0 | 1 | 20 | 123 | 132.00 | 0 | 2 | 0.00 | 0.00 |
| Mythology | 0 | 1 | 0 | 1 | 10 | 133 | 133.00 | 1 | 1 | 0.00 | 0.00 |
| Fine Arts - Classical Music | 0 | 1 | 0 | 1 | 10 | 156 | 156.00 | 0 | 1 | 0.00 | 0.00 |
| Other Academic | 0 | 1 | 0 | 0 | 10 | 110 | 110.00 | 1 | 1 | 0.00 | 0.00 |
| Fine Arts - Other | 0 | 1 | 0 | 0 | 10 | 136 | 136.00 | 0 | 1 | 0.00 | 0.00 |
| Literature - Drama | 0 | 1 | 0 | 1 | 10 | 147 | 147.00 | 0 | 1 | 0.00 | 0.00 |
| Science - Chemistry | 0 | 1 | 0 | 0 | 10 | 100 | 100.00 | 1 | 1 | 0.00 | 0.00 |
| History - American | 0 | 0 | 0 | 0 | 0 | 0.00 | 0 | 0 | 0.00 | 0.00 | |
| Religion | 0 | 0 | 0 | 0 | 0 | 0.00 | 0 | 0 | 0.00 | 0.00 | |
| Philosophy | 0 | 0 | 1 | 0 | -5 | 0.00 | 0 | 0 | 0.00 | 0.00 |